003850000a22001210004500090001700000245008300017041001400100700004200114100003300156942001300189773004400202999001700246 aASbSeriadas10aHistoria natural del gallo de roca andino ()0 aEspañol1 aSilva de Benalcázar, Fabiola9994371 aBenalcázar, César999438 cARTICULO1 tCespedesia3124h47-48q59-92d1984g13 c14997d14997